| 000 | 01000cjm a22003373a 4500 | ||
|---|---|---|---|
| 001 | 1960 | ||
| 003 | OSt | ||
| 005 | 20260414162852.0 | ||
| 007 | sd fsngnnzmneu | ||
| 008 | 070905s2000 xx ppn| | eng | ||
| 010 | _a 2007656577 | ||
| 017 |
_aSR0000352269 _bU.S. Copyright Office |
||
| 035 | _a14994313 | ||
| 040 |
_aDLC _cDLC |
||
| 050 | 0 | 0 | _aICD 31905 |
| 245 | 0 | 0 |
_aWar, war, war _h[sound recording]. |
| 260 | _c[2000] | ||
| 300 |
_a1 sound disc : _bdigital ; _c4 3/4 in. |
||
| 336 |
_aperformed music _bprm _2rdacontent |
||
| 337 |
_aaudio _bs _2rdamedia |
||
| 338 |
_aaudio disc _bsd _2rdacarrier |
||
| 500 | _aContact: Dan Kirkpatrick. | ||
| 500 | _aCopyright claimant: North Star Media, Studio City, Calif. | ||
| 500 | _aRecordable compact disc. | ||
| 500 | _aBrief record. | ||
| 650 | 0 | _aReggae music. | |
| 906 |
_a7 _bcbc _corignew _d3 _encip _f20 _gy-soundrec |
||
| 942 |
_2ddc _cMU _n0 |
||
| 999 |
_c1960 _d1960 |
||